Electromagnetic energy conversion devices and systems (Record no. 23280)

000 -LEADER
fixed length control field 00609nam a2200217 4500
001 - CONTROL NUMBER
control field 23280
003 - CONTROL NUMBER IDENTIFIER
control field BD-DhUET
008 - FIXED-LENGTH DATA ELEMENTS--GENERAL INFORMATION
fixed length control field 700114s1970 njua b 001 0 eng
020 ## - INTERNATIONAL STANDARD BOOK NUMBER
International Standard Book Number 013249003X
040 ## - CATALOGING SOURCE
Original cataloging agency DLC
Transcribing agency DLC
Modifying agency BD-DhUET
082 00 - DEWEY DECIMAL CLASSIFICATION NUMBER
Classification number 623.16
Item number SAN/1970
100 ## - MAIN ENTRY--PERSONAL NAME
Personal name S. A. Nasar
245 10 - TITLE STATEMENT
Title Electromagnetic energy conversion devices and systems
250 ## - EDITION STATEMENT
Edition statement 1st ed.
260 ## - PUBLICATION, DISTRIBUTION, ETC. (IMPRINT)
Place of publication, distribution, etc. New Jersey
Name of publisher, distributor, etc. Prentice-Hall
Date of publication, distribution, etc. 1970
300 ## - PHYSICAL DESCRIPTION
Extent xviii, 391p.
Other physical details illus.
490 0# - SERIES STATEMENT
Series statement Prentice-Hall electrical engineering series
504 ## - BIBLIOGRAPHY, ETC. NOTE
Bibliography, etc Includes bibliographies
650 #0 - SUBJECT ADDED ENTRY--TOPICAL TERM
Topical term or geographic name as entry element Electromagnetic devices
942 ## - ADDED ENTRY ELEMENTS (KOHA)
Koha item type General Book
Holdings
Koha date last seen Lost status Damaged status Koha full call number Koha normalized classification for sorting Koha item type Sublocation or collection (holding branch) Piece designation (barcode) Withdrawn status Not for loan Copy number Date acquired Price effective from Shelving location Location (home branch) Source of classification or shelving scheme
2015-05-03  623.16/SAN/1970623_160000000000000_SAN_1970Edited BookCentral Library, BUET19443  12015-05-032015-05-03Circulation sectionCentral Library, BUET 
2015-05-03  623.16/SAN/1970623_160000000000000_SAN_1970Edited BookCentral Library, BUET17588  22015-05-032015-05-03Circulation sectionCentral Library, BUET 
2015-05-03  623.16/SAN/1970623_160000000000000_SAN_1970Edited BookCentral Library, BUET17587  32015-05-032015-05-03Circulation sectionCentral Library, BUET 
2015-05-03  623.16/SAN/1970623_160000000000000_SAN_1970Edited BookCentral Library, BUET24214  42015-05-032015-05-03Circulation sectionCentral Library, BUET 
2015-05-03  623.16/SAN/1970623_160000000000000_SAN_1970Edited BookCentral Library, BUET25316  52015-05-032015-05-03Circulation sectionCentral Library, BUET 
2015-06-25  623.16/SAN/1970623_160000000000000_SAN_1970Reading ItemCentral Library, BUET36962  62015-06-252015-06-25Reading sectionCentral Library, BUET